Of love and hope; (Record no. 84712)

MARC details
000 -LEADER
fixed length control field 00782cam a2200253 4500
001 - CONTROL NUMBER
control field sa 68012738
003 - CONTROL NUMBER IDENTIFIER
control field DLC
005 - DATE AND TIME OF LATEST TRANSACTION
control field 20260227112614.0
008 - FIXED-LENGTH DATA ELEMENTS--GENERAL INFORMATION
fixed length control field 691110s1966 pk 000 0 eng
010 ## - LIBRARY OF CONGRESS CONTROL NUMBER
LC control number sa 68012738 //r982
025 ## - OVERSEAS ACQUISITION NUMBER
Overseas acquisition number PL480:P-E-1112
040 ## - CATALOGING SOURCE
Original cataloging agency DLC
Transcribing agency DLC
Modifying agency DLC
050 00 - LIBRARY OF CONGRESS CALL NUMBER
Classification number PZ1
Item number .O26
Classification number PR9799
082 00 - DEWEY DECIMAL CLASSIFICATION NUMBER
Classification number 823
245 00 - TITLE STATEMENT
Title Of love and hope;
Remainder of title fourteen stories from Africa and Asia.
Statement of responsibility, etc. Editors: Afro-Asian Book Club, Pakistan.
250 ## - EDITION STATEMENT
Edition statement [1st ed.
260 0# - PUBLICATION, DISTRIBUTION, ETC.
Place of publication, distribution, etc. Lahore,
Date of publication, distribution, etc. 1966]
300 ## - PHYSICAL DESCRIPTION
Extent 190 p.
Dimensions 19 cm.
651 #0 - SUBJECT ADDED ENTRY--GEOGRAPHIC NAME
Geographic name Africa
General subdivision Social life and customs
-- Fiction.
651 #0 - SUBJECT ADDED ENTRY--GEOGRAPHIC NAME
Geographic name Asia
General subdivision Social life and customs
-- Fiction.
650 #0 - SUBJECT ADDED ENTRY--TOPICAL TERM
Topical term or geographic name entry element Short stories, African (English)
650 #0 - SUBJECT ADDED ENTRY--TOPICAL TERM
Topical term or geographic name entry element Short stories, Oriental (English)
710 20 - ADDED ENTRY--CORPORATE NAME
Corporate name or jurisdiction name as entry element Afro-Asian Book Club.

No items available.

Powered by Koha